Capitales par périphrase - Statistiques

Statistiques générales
  • Ce quiz a été pris 81 fois
  • Le résultat moyen est 7 sur 15
Statistiques - réponses
Indice Réponse % Correct
La ville lumière Paris
100%
La ville éternelle Rome
88%
La capitale de l'Europe Bruxelles
79%
La Venise du Nord Amsterdam
75%
La ville sainte Jérusalem
68%
La perle du Danube Budapest
65%
Le berceau de la civilisation occidentale Athènes
43%
La ville des mille et une nuits Bagdad
40%
La ville aux mille minarets Le Caire
40%
Le Paris de l'Orient Beyrouth
27%
La ville des ours Berne
22%
La Venise de l'Orient Bangkok
10%
La Ville Mère Le Cap
6%
La capitale triangulaire Khartoum
1%
La cité des mille Antananarivo
0%
Aucun quiz correspondant
Distribution des résultats
% des personnes avec chaque résultat
Percentile par nombre de réponses
Votre historique - résultats
Vous n’avez pas pris ce quiz